[Event "Oldenburg Union 75 Ann Blitz"]
[Site "Oldenburg"]
[Date "2024.12.14"]
[Round "11"]
[White "Khajei, Sina"]
[Black "Muecke, Leonard"]
[Result "1-0"]
[WhiteElo "1984"]
[BlackElo "1853"]
[PlyCount "61"]
[EventDate "2024.12.14"]
[EventType "swiss (blitz)"]
[EventRounds "13"]
[EventCountry "GER"]
[SourceTitle "CB52_2024"]
[SourceDate "2024.12.25"]
[SourceVersion "1"]
[SourceVersionDate "2024.12.25"]
[SourceQuality "1"]

1. e4 d6 2. d4 g6 3. c3 Nf6 4. Bd3 Bg7 5. Nf3 0-0 6. 0-0 Nc6 7. h3 e5 8. Re1 a5 9. a4 Bd7 10. Bf1 exd4 11. cxd4 Nb4 12. Nc3 h6 13. Bf4 Re8 14. Qd2 Kh7 15. Rad1 Bc6 16. d5 Bd7 17. g4 h5 18. g5 Ng8 19. Nd4 Qc8 20. Qe3 f6 21. Qg3 fxg5 22. Bxg5 Be5 23. f4 Bg7 24. Nf3 Nf6 25. e5 dxe5 26. fxe5 Ng8 27. e6 Bxe6 28. dxe6 Rxe6 29. Rd8 Qxd8 30. Bxd8 Rxd8 31. Ng5+ 1-0